| 000 | 00623nam a2200217Ia 4500 | ||
|---|---|---|---|
| 003 | GCL | ||
| 008 | 140319s9999 xx 000 0 ara d | ||
| 040 |
_aGCL / _cGCL |
||
| 082 | 0 | 4 |
_a910.02 _bم م |
| 100 | 1 | _aمحمود حامد محمد | |
| 245 | 1 | 0 |
_aمناخ العالم / _cمحمود حامد محمد |
| 300 | _a327 ص | ||
| 490 |
_aالهيئة العامة للاستعلامات _v0 |
||
| 650 | 0 | 4 | _aالجغرافيا الطبيعية |
| 650 | 0 | 4 | _aالرياح |
| 650 | 0 | 4 | _aالطقس |
| 650 | 0 | 4 | _aالامطار |
| 650 | 0 | 4 | _aالعواصف |
| 650 | 0 | 4 | _aالعالم - مناخ |
| 942 |
_2ddc _cBK |
||
| 999 |
_c49939 _d49939 |
||